000 00281nam a2200121Ia 4500
008 190216s9999||||xx |||||||||||||| ||und||
100 _aSreedhara Menon.A
245 0 _aIndian History
260 _bS Vishwanathan
_c1981
300 _a162p
650 _aIndian History
942 _cBK
999 _c18624
_d18624